Statistiques concernant Les Simpson - épisodes de Noël

Cliquez ici pour prendre le quiz!

Statistiques générales

  • Ce quiz a été pris 25 fois
  • Le résultat moyen est 5 sur 10

Statistiques - réponses

QuestionRéponse% Correct
Que vole Bart au magasin Tout-Au-Rabais ?un jeu vidéo
87%
Quand Les Simpson invitent Gil à faire Noël chez eux et qu'il squatte chez eux pendant presque un an, pourquoi l'avaient-ils invité ?il s'est fait virer de son boulot par leur faute
83%
Lorsque Lisa devient bouddhiste, quel cadeau avait-elle demandé au Père Noël avant son changement de religion ?un poney
83%
Lorsque Springfield est la seule ville des États-Unis à avoir de la neige à Noël, comment cela se fait-il ?car les fumées de la centrale et de la décharge de pneus ont créé un micro-climat
74%
Lorsque Bart met accidentellement le feu au sapin et que tous les cadeaux brûlent, que devait-il recevoir comme cadeau ?un camion de pompier
74%
Dans l'épisode spécial parodiant le Muppet Show, quelle star fait une apparition réelle au sein de l'épisode ?Katy Perry
48%
Dans l'épisode où Homer s'achète égoïstement un astrolabe pour lui mais des cadeaux nuls pour les autres, qu'avait-t-il acheté pour Marge ?un porte-clés
43%
Combien y a-t-il d'épisodes de Noël sur les 34 premières saisons ?17 épisodes
39%
Quand les élèves se retrouvent bloqués dans l'école avec Skinner à cause de la neige, quel film Skinner leur a-t-il diffusé ?Le Noël Qui A Failli Ne Pas Être Mais Qui Fut
17%
Quand Homer et ses enfants vont voler les Funzo au pied des sapins dans toute la ville, chez quelle famille vont-ils en premier ?les Wiggum
0%

Distribution des résultats

Percentile par nombre de réponses

% des personnes avec chaque résultat

Votre développement - résultats

Vous n’avez pas pris ce quiz